| 000 | 00646nam a22001937a 4500 | ||
|---|---|---|---|
| 003 | OSt | ||
| 005 | 20251105080925.0 | ||
| 008 | 251105b |||||||| |||| 00| 0 eng d | ||
| 020 | _a971-8966-93-8. | ||
| 040 |
_aDWCL Main lib _cOC |
||
| 082 |
_22007 ed. _aFil. 658 C117m 2007 |
||
| 100 | _aCabrera, Ma. Elenita B. | ||
| 245 |
_aManagement advisory services : _bCPA reviewer/ _cMa. Elenita B. Cabrera |
||
| 250 | _a2007 ed. | ||
| 260 |
_aManila : _bGIC Enterprises & Co., Inc., _cc2007. |
||
| 300 |
_avi, various paging ; _c23 centimeters. |
||
| 650 | _aManagement-Examination, questions, etc. | ||
| 942 |
_2ddc _cBK - FIL _e2007 ed. _hFil. _n0 |
||
| 999 |
_c5498 _d5498 |
||